Anglo-russkij slovar po vyčisliteľnoj technike : Okolo 42 000 terminov

Na minha lista:
Detalhes bibliográficos
Formato: Livro
Idioma:idiomas múltiplos
Publicado em: Moskva : Russkij jazyk, 1989
Edição:5.isprav.i dopol.izd.
Assuntos:
Tags: Adicionar Tag
Sem tags, seja o primeiro a adicionar uma tag!

MARC

LEADER 00000nam a22000003a 4500
001 stu34337
005 20141122054047.2
008 920316s1989----xxr-----------------mul-d
040 |a STU  |b slo 
041 0 |a mul 
044 |a xxr 
080 |a 801.316.4=20=82 
080 |a 681.3 
245 |a Anglo-russkij slovar po vyčisliteľnoj technike :  |b Okolo 42 000 terminov 
250 |a 5.isprav.i dopol.izd. 
260 |a Moskva :  |b Russkij jazyk,  |c 1989 
300 |a 797 s 
650 7 |a Slovníky technické anglicko ruské  |2 stusub 
650 7 |a Technika výpočtová  |2 stusub 
650 7 |a slovníky anglicko ruské  |2 stusub 
996 |b 284M062638  |c M*7108-1  |l MMKN  |s A  |a 24  |w stu34337_0001